Parteien der Bundestagswahl 2025 - Statistiken

Allgemein
  • Dieses Quiz wurde 764 mal gespielt
  • Das Durchschnittsergebnis liegt bei 15 aus 41
Antwortstatistiken
# Partei % Korrekt
. Alternative für Deutschland
99%
. Bündnis 90/Die Grünen
99%
. Christlich Demokratische Union Deutschlands
99%
. Sozialdemokratische Partei Deutschlands
99%
. Freie Demokratische Partei
97%
. Die Linke
96%
. Bündnis Sahra Wagenknecht
89%
. Christlich-Soziale Union in Bayern
83%
. Volt Deutschland
69%
. PARTEI MENSCH UMWELT TIERSCHUTZ
66%
. Partei für Arbeit, Rechtsstaat, Tierschutz, Elitenförderung und basisdemokratische Initiative
63%
. Freie Wähler
62%
. Piratenpartei Deutschland
52%
. Marxistisch-Leninistische Partei Deutschlands
42%
. Südschleswigscher Wählerverband
36%
. Ökologisch-Demokratische Partei
29%
. Basisdemokratische Partei Deutschland
26%
. Bayernpartei
24%
. WerteUnion
21%
. Bündnis Deutschland
20%
. Partei der Humanisten
20%
. Partei für Verjüngungsforschung
19%
. Die Gerechtigkeitspartei – Team Todenhöfer
17%
. Partei des Fortschritts
17%
. MERA25 – Gemeinsam für Europäische Unabhängigkeit
15%
. Bündnis C – Christen für Deutschland
14%
. V-Partei³
14%
. FREIE SACHSEN
9%
. Gartenpartei
9%
. Sozialistische Gleichheitspartei, Vierte Internationale
9%
. Bürgerrechtsbewegung Solidarität
8%
. Menschliche Welt
7%
. Demokratische Allianz für Vielfalt und Aufbruch
6%
. Die LIEBE Europäische Partei
6%
. DIE SONSTIGEN
5%
. Liberale Demokraten – Die Sozialliberalen
4%
. Ab jetzt…Demokratie durch Volksabstimmung
3%
. Cannabis Social Club
3%
. DIE NEUE MITTE
3%
. Dr. Ansay Partei
3%
. UNABHÄNGIGE für bürgernahe Demokratie
3%
Keine übereinstimmenden Quizze gefunden
Verteilung der Resultate
Anzahl Personen mit jedem Resultat
Perzentil nach korrekt beantworteten Fragen
Ihre Resultats-Entwicklung
Sie haben dieses Quiz noch nicht gespielt